00323nam a2200133Ia 45000030006000000080041000060400015000471000028000622450051000902500010001412600009001515460012001600050017001720STCL150530s9999 xx 000 0 und d aSTCLcSTCL aShelley; Butter; Editor aShelley and Alastor prometheus unbound adonais aFirst c1970 aEnglish20220125170930.0